Opčný list z teoretického pohľadu Burzová terminológia
Definícia opčného listu. Emisná a trhová cena opcie a "pákový efekt".
Guardado en:
| Autor principal: | |
|---|---|
| Formato: | Capítulo de libro |
| Lenguaje: | eslovaco |
| Materias: | |
| Etiquetas: |
Sin Etiquetas, Sea el primero en etiquetar este registro!
|
MARC
| LEADER | 00000naa a2200000 4500 | ||
|---|---|---|---|
| 001 | r014613 | ||
| 005 | 20221213113503.7 | ||
| 041 | 0 | |a slo | |
| 044 | |a SK | ||
| 245 | 1 | 0 | |a Opčný list z teoretického pohľadu |b Burzová terminológia |c M. Konečný |
| 520 | |a Definícia opčného listu. Emisná a trhová cena opcie a "pákový efekt". | ||
| 610 | 2 | 0 | |a burzy |
| 610 | 2 | 0 | |a listy opčné |
| 610 | 2 | 0 | |a papiere cenné |
| 610 | 2 | 0 | |a opcie |
| 100 | 1 | |a Konečný, M. | |